Répertoire National
Salvato in:
| Autore principale: | |
|---|---|
| Natura: | Libro |
| Lingua: | Undetermined |
| Pubblicazione: |
Montreal, Canadá
VLB
1982
|
| Soggetti: | |
| Tags: |
Aggiungi Tag
Nessun Tag, puoi essere il primo ad aggiungerne!!
|
MARC
| LEADER | 00000nam a2200000Ia 4500 | ||
|---|---|---|---|
| 008 | 170316s9999 xx 000 0 und d | ||
| 040 | |a cru BVZT | ||
| 090 | |a 818 H-10r v.1 | ||
| 100 | |a Huston, James | ||
| 245 | |a Répertoire National | ||
| 260 | |a Montreal, Canadá | ||
| 260 | |b VLB | ||
| 260 | |c 1982 | ||
| 300 | |a 368 páginas Tomo 1. | ||
| 650 | |a LITERATURA CANADIENSE | ||
| 999 | |c 6461 |d 6461 | ||
| 942 | |c 15 D |h 818 H-10r v.1 |2 z | ||
